Deklination von unus, duo, tres - Statistiken

Allgemein
  • Dieses Quiz wurde 19 mal gespielt
  • Das Durchschnittsergebnis liegt bei 20 aus 35
Antwortstatistiken
Hint Genus Antwort % Korrekt
Nom. f ūna
100%
Nom. m ūnus
100%
Nom. n ūnum
92%
Akk. f ūnam
77%
Dat. m ūnī
77%
Abl. m ūnō
77%
Akk. m ūnum
77%
Nom. f duae
69%
Nom. m duo
69%
Nom. n duo
69%
Abl. f ūnā
69%
Abl. n ūnō
69%
Akk. n ūnum
69%
Gen. f duārum
62%
Gen. m duōrum
62%
Gen. n duōrum
62%
Nom. m trēs
62%
Nom. f trēs
62%
Nom. n tria
62%
Akk. f duās
54%
Akk. n duo
54%
Akk. m trēs
54%
Akk. f trēs
54%
Akk. n tria
54%
Gen. m ūnīus
54%
Akk. m duo (duōs)
46%
Dat. m tribus
46%
Abl. m tribus
46%
Gen. m trium
46%
Dat. f duābus
23%
Abl. f duābus
23%
Dat. m duōbus
23%
Abl. m duōbus
23%
Dat. n duōbus
23%
Abl. n duōbus
23%
Keine übereinstimmenden Quizze gefunden
Verteilung der Resultate
Anzahl Personen mit jedem Resultat
Perzentil nach korrekt beantworteten Fragen
Ihre Resultats-Entwicklung
Sie haben dieses Quiz noch nicht gespielt